[Event "Mundial Juvenil 2005 s18"]
[Site "Belfort FRA"]
[Date "2005.07.27"]
[Round "8.16"]
[White "Wen, Yang"]
[Black "Tukhaev, Adam"]
[Result "1-0"]
[WhiteElo "2327"]
[BlackElo "2438"]
[PlyCount "75"]
[EventDate "2005.07.19"]
[EventType "swiss"]
[EventRounds "11"]
[EventCountry "FRA"]
[Source "lmi"]
[SourceDate "2005.07.31"]

1. e4 c5 2. Nf3 d6 3. Nc3 a6 4. d4 cxd4 5. Nxd4 Nf6 6. Be2 e5 7. Nb3 Be7 8. g4
h6 9. f4 Nc6 10. Be3 exf4 11. Bxf4 Be6 12. Nd4 Qb6 13. Nxe6 fxe6 14. Qd2 Nd4
15. O-O-O Nxe2+ 16. Qxe2 e5 17. Bd2 O-O-O 18. h4 Rdf8 19. g5 hxg5 20. hxg5 Rxh1
21. Rxh1 Nd7 22. Nd5 Qd8 23. Qg4 Kb8 24. Be3 Nc5 25. b3 Qa5 26. Kb1 Bd8 27. a4
Bb6 28. Bc1 Ba7 29. b4 Qxa4 30. bxc5 Bxc5 31. Qe2 Bd4 32. Bb2 Bxb2 33. Kxb2
Qd4+ 34. Kb1 Rc8 35. Qd3 Qa4 36. Kb2 Rc5 37. Rh8+ Ka7 38. Ra8+ 1-0

[Event "Mundial Juvenil 2005 s18"]
[Site "Belfort FRA"]
[Date "2005.07.27"]
[Round "8.18"]
[White "Bosiocic, Marin"]
[Black "Vicol, Dorian"]
[Result "0-1"]
[WhiteElo "2381"]
[BlackElo "2273"]
[PlyCount "70"]
[EventDate "2005.07.19"]
[EventType "swiss"]
[EventRounds "11"]
[EventCountry "FRA"]
[Source "lmi"]
[SourceDate "2005.07.31"]

1. d4 Nf6 2. Nf3 e6 3. c4 Nc6 4. a3 Ne7 5. Nc3 d5 6. Bg5 Ne4 7. Bh4 f6 8. Qc2
g5 9. Bg3 h5 10. Nb5 Nxg3 11. hxg3 c6 12. Nc3 g4 13. Nh4 f5 14. e3 Bh6 15. Ne2
Kf7 16. Nf4 Qd6 17. Bd3 Bd7 18. Ke2 b5 19. b3 a5 20. Rhc1 Ra7 21. Qd2 Bxf4 22.
gxf4 a4 23. cxd5 axb3 24. dxe6+ Bxe6 25. Rc5 Kf6 26. Qb2 Nd5 27. Rac1 Rha8 28.
Rxc6 Qxa3 29. Qd2 b2 30. R1c5 Qb3 31. Nxf5 b1=Q 32. Rxe6+ Kf7 33. Bxb1 Qxb1 34.
Rec6 Ra2 35. Rc2 Nb4 0-1

[Event "Mundial Juvenil 2005 s18"]
[Site "Belfort FRA"]
[Date "2005.07.27"]
[Round "8.19"]
[White "Meng, Fanhao"]
[Black "Netzer, Jean"]
[Result "0-1"]
[WhiteElo "2270"]
[BlackElo "2378"]
[PlyCount "96"]
[EventDate "2005.07.19"]
[EventType "swiss"]
[EventRounds "11"]
[EventCountry "FRA"]
[Source "lmi"]
[SourceDate "2005.07.31"]

1. e4 c5 2. Nf3 e6 3. c3 d5 4. exd5 exd5 5. d4 Nc6 6. Be3 cxd4 7. Nxd4 Bd6 8.
Be2 Nge7 9. Nd2 O-O 10. N2b3 a6 11. O-O Qc7 12. h3 Ne5 13. Nd2 Bd7 14. Qb3 b5
15. N2f3 Nc4 16. Bxc4 dxc4 17. Qc2 f6 18. Rad1 Rad8 19. Rfe1 Rfe8 20. Bc1 Ng6
21. Re4 Ne5 22. Rde1 Nd3 23. Rxe8+ Rxe8 24. Rxe8+ Bxe8 25. Be3 Qa5 26. b3 Bf7
27. Nd2 Bf8 28. b4 Qa3 29. Nb1 Qb2 30. Qxb2 Nxb2 31. Nc6 Na4 32. Bd4 Bd6 33. f3
Bd5 34. Na7 Bb7 35. Kf2 Kf7 36. Ke3 Ke6 37. Kd2 Kd7 38. Na3 Bd5 39. Nc2 Kc7 40.
Be3 Be6 41. Nd4 Bd7 42. f4 g6 43. g4 f5 44. gxf5 gxf5 45. Nf3 Kb7 46. Ng5 h5
47. h4 Nb6 48. Nh7 Be7 0-1

[Event "Mundial Juvenil 2005 s18"]
[Site "Belfort FRA"]
[Date "2005.07.27"]
[Round "8.20"]
[White "Ong, Kezli"]
[Black "Fossum, Oystein Boyum"]
[Result "1/2-1/2"]
[WhiteElo "2371"]
[BlackElo "2262"]
[PlyCount "30"]
[EventDate "2005.07.19"]
[EventType "swiss"]
[EventRounds "11"]
[EventCountry "FRA"]
[Source "lmi"]
[SourceDate "2005.07.31"]

1. e4 e6 2. Qe2 c5 3. Nf3 g6 4. g3 Bg7 5. h4 h5 6. Bg2 Nc6 7. O-O Nge7 8. e5 d6
9. exd6 Nf5 10. c3 Nxd6 11. Ng5 Qd7 12. Na3 O-O 13. Nc4 b6 14. Nxd6 Qxd6 15.
Rd1 Bb7 1/2-1/2

[Event "Mundial Juvenil 2005 s18"]
[Site "Belfort FRA"]
[Date "2005.07.28"]
[Round "9.4"]
[White "Bluvshtein, Mark"]
[Black "Stopa, Jacek"]
[Result "1/2-1/2"]
[WhiteElo "2525"]
[BlackElo "2460"]
[PlyCount "129"]
[EventDate "2005.07.19"]
[EventType "swiss"]
[EventRounds "11"]
[EventCountry "FRA"]
[Source "lmi"]
[SourceDate "2005.07.31"]

1. e4 e5 2. Nf3 Nc6 3. d4 exd4 4. Nxd4 Nf6 5. Nc3 Bb4 6. Nxc6 bxc6 7. Bd3 d5 8.
exd5 cxd5 9. Qe2+ Qe7 10. Qxe7+ Kxe7 11. O-O Rd8 12. a3 Ba5 13. b4 Bb6 14. Na4
Be6 15. Bf4 Ne8 16. Rfe1 Nd6 17. Nc5 h6 18. Re2 Bxc5 19. bxc5 Ne8 20. Bf5 a5
21. a4 Rdb8 22. Rae1 Rb4 23. Bxe6 fxe6 24. Rxe6+ Kf8 25. g3 Rxa4 26. Bd2 Ra2
27. Bc3 Rxc2 28. Bxa5 Rxa5 29. Rxe8+ Kf7 30. R8e7+ Kf8 31. Rd7 Raxc5 32. Ree7
g5 33. Rh7 Kg8 34. Rhe7 Kf8 35. Kg2 Rc6 36. Rh7 Kg8 37. Rhf7 d4 38. Rf5 Rd6 39.
Rxd6 cxd6 40. Rf6 Kg7 41. Rxd6 Rd2 42. Kf3 Kh7 43. Rd7+ Kg6 44. Rd6+ Kh7 45. h3
Kg7 46. Kg2 Rd1 47. Kf3 Rd2 48. Re6 Kh7 49. Kg4 Rxf2 50. Kh5 Kg7 51. Rg6+ Kf7
52. Rxh6 Rf6 53. Rh7+ Ke6 54. Kxg5 d3 55. Ra7 d2 56. Ra1 Rf3 57. Kg4 Rd3 58.
Rd1 Ke5 59. h4 Kd4 60. h5 Ke5 61. Kh4 Kf6 62. g4 Rd4 63. Rf1+ Kg7 64. Rd1 Kh6
65. Kg3 1/2-1/2

[Event "Mundial Juvenil 2005 s18"]
[Site "Belfort FRA"]
[Date "2005.07.28"]
[Round "9.5"]
[White "Brkic, Ante"]
[Black "Khusnutdinov, Rustam"]
[Result "0-1"]
[WhiteElo "2477"]
[BlackElo "2354"]
[PlyCount "100"]
[EventDate "2005.07.19"]
[EventType "swiss"]
[EventRounds "11"]
[EventCountry "FRA"]
[Source "lmi"]
[SourceDate "2005.07.31"]

1. e4 c5 2. Nf3 Nc6 3. Bb5 g6 4. Bxc6 bxc6 5. O-O Bg7 6. c3 Nf6 7. Re1 O-O 8.
d4 cxd4 9. cxd4 d5 10. e5 Ne4 11. Nbd2 Nxd2 12. Nxd2 a5 13. Nb3 Qb6 14. Nc5 f6
15. Na4 Qb5 16. exf6 exf6 17. b3 Bf5 18. Ba3 Rfe8 19. Qd2 Qd3 20. Qxd3 Bxd3 21.
Nc5 Bb5 22. Rxe8+ Rxe8 23. Bb2 Re2 24. Bc3 f5 25. a4 Rc2 26. axb5 cxb5 27. Be1
Bxd4 28. Rxa5 Rxc5 29. Kf1 Rc1 30. Ra8+ Kf7 31. Ke2 Rb1 32. b4 Rb2+ 33. Kf1 Be5
34. Ra5 d4 35. Rxb5 Ke6 36. Ra5 Bd6 37. Ra1 d3 38. Rd1 Rb3 39. f3 Kd5 40. Kf2
Kd4 41. f4 Bxf4 42. Kf3 g5 43. g3 Be3 44. g4 fxg4+ 45. Kxg4 Ke4 46. h4 gxh4 47.
Bxh4 Rxb4 48. Bg3 Rb6 49. Ra1 Rg6+ 50. Kh3 d2 0-1

[Event "Mundial Juvenil 2005 s18"]
[Site "Belfort FRA"]
[Date "2005.07.28"]
[Round "9.7"]
[White "Valeanu, Eduard-Andrei"]
[Black "Romanov, Evgeny"]
[Result "0-1"]
[WhiteElo "2398"]
[BlackElo "2451"]
[PlyCount "107"]
[EventDate "2005.07.19"]
[EventType "swiss"]
[EventRounds "11"]
[EventCountry "FRA"]
[Source "lmi"]
[SourceDate "2005.07.31"]

1. e4 g6 2. d4 Bg7 3. Nc3 d6 4. Bg5 Nd7 5. Qd2 c5 6. Nf3 cxd4 7. Nxd4 Ngf6 8.
f3 a6 9. O-O-O Qc7 10. Bh6 Bxh6 11. Qxh6 b5 12. g4 Bb7 13. Bd3 b4 14. Nce2 e5
15. g5 Nh5 16. Nf5 O-O-O 17. Nfg3 Nxg3 18. hxg3 Nc5 19. Qh3+ Kb8 20. Kb1 d5 21.
exd5 Rxd5 22. Qg4 Nxd3 23. Rxd3 Rxd3 24. cxd3 Qd6 25. d4 Rd8 26. Nc1 exd4 27.
Nd3 Bc8 28. Qf4 Qxf4 29. gxf4 a5 30. Ne5 Bf5+ 31. Kc1 Rc8+ 32. Kd1 a4 33. Rh2
Be6 34. Rd2 Bxa2 35. Rxd4 Bb3+ 36. Kd2 Rc2+ 37. Ke3 Rxb2 38. Rxb4+ Kc7 39. Nd3
Rb1 40. Nc5 a3 41. Nxb3 a2 42. Rc4+ Kd6 43. Ra4 Rxb3+ 44. Ke2 Rb2+ 45. Kd3 Kc5
46. Ra8 Rf2 47. Ke3 Rh2 48. f5 Kb4 49. Kf4 Kb3 50. Ke5 Rh1 51. Kf6 a1=Q+ 52.
Rxa1 Rxa1 53. Kxf7 gxf5 54. Kf6 0-1

[Event "Mundial Juvenil 2005 s18"]
[Site "Belfort FRA"]
[Date "2005.07.28"]
[Round "9.8"]
[White "Pashikian, Arman"]
[Black "Khamrakulov, Dzhurabek"]
[Result "1-0"]
[WhiteElo "2442"]
[BlackElo "2280"]
[PlyCount "107"]
[EventDate "2005.07.19"]
[EventType "swiss"]
[EventRounds "11"]
[EventCountry "FRA"]
[Source "lmi"]
[SourceDate "2005.07.31"]

1. e4 c6 2. d4 d5 3. Nc3 dxe4 4. Nxe4 Nd7 5. Ng5 Ngf6 6. Bd3 e6 7. N1f3 Bd6 8.
Qe2 h6 9. Ne4 Nxe4 10. Qxe4 Nf6 11. Qe2 Qc7 12. Bd2 b6 13. O-O-O Bb7 14. Ne5
Bxe5 15. dxe5 Nd7 16. f4 O-O-O 17. Be3 c5 18. Rhf1 Nb8 19. g4 Nc6 20. c3 Rd5
21. Bc2 Rxd1+ 22. Rxd1 Rd8 23. h4 Rxd1+ 24. Qxd1 Qd8 25. h5 Ne7 26. a3 Qxd1+
27. Bxd1 Be4 28. b3 Kd7 29. Be2 Kc7 30. Kd1 Kc6 31. Bd2 Kc7 32. b4 cxb4 33.
axb4 a5 34. b5 Kb7 35. c4 Kc7 36. Kc1 Kb7 37. Kb2 Kc7 38. Kc3 Kb7 39. Be3 Kc7
40. Bc1 Kd7 41. Bd1 Kc7 42. Be3 Kb7 43. Kd4 Bb1 44. Bf3+ Kc7 45. Be4 Bxe4 46.
Kxe4 g6 47. g5 Nf5 48. gxh6 Nxh6 49. f5 gxf5+ 50. Kd4 f4 51. Bxf4 Nf5+ 52. Kc3
Ne7 53. h6 Ng6 54. h7 1-0

[Event "Mundial Juvenil 2005 s18"]
[Site "Belfort FRA"]
[Date "2005.07.28"]
[Round "9.9"]
[White "Bitelmajer, Martin"]
[Black "Sengupta, Deep"]
[Result "1/2-1/2"]
[WhiteElo "2243"]
[BlackElo "2414"]
[PlyCount "89"]
[EventDate "2005.07.19"]
[EventType "swiss"]
[EventRounds "11"]
[EventCountry "FRA"]
[Source "lmi"]
[SourceDate "2005.07.31"]

1. d4 e6 2. c4 f5 3. g3 Nf6 4. Bg2 Bb4+ 5. Bd2 Qe7 6. Nf3 O-O 7. O-O Bxd2 8.
Nbxd2 d6 9. Qc2 e5 10. dxe5 dxe5 11. c5 Nc6 12. e3 Be6 13. Ng5 e4 14. Nxe6 Qxe6
15. Qb3 Nd5 16. Rfd1 Rfd8 17. Nc4 a5 18. a3 Nce7 19. Rac1 g5 20. f3 a4 21. Qc2
exf3 22. Bxf3 Nxe3 23. Rxd8+ Rxd8 24. Qe2 f4 25. Nxe3 fxe3 26. Re1 Nd5 27. Qd3
c6 28. Bxd5 Rxd5 29. Rxe3 Rxd3 30. Rxe6 Kf7 31. Re4 Rb3 32. Rxa4 Rxb2 33. h4
Rb5 34. Rd4 Rxc5 35. Rd7+ Kg6 36. Rxb7 Rc3 37. Rc7 g4 38. Kf2 h5 39. a4 Kf5 40.
Rh7 c5 41. a5 c4 42. a6 Rf3+ 43. Kg2 Ra3 44. Re7 Ra2+ 45. Kf1 1/2-1/2

[Event "Mundial Juvenil 2005 s18"]
[Site "Belfort FRA"]
[Date "2005.07.28"]
[Round "9.10"]
[White "Papp, Gabor"]
[Black "Cifka, Stanislav"]
[Result "1/2-1/2"]
[WhiteElo "2474"]
[BlackElo "2347"]
[PlyCount "47"]
[EventDate "2005.07.19"]
[EventType "swiss"]
[EventRounds "11"]
[EventCountry "FRA"]
[Source "lmi"]
[SourceDate "2005.07.31"]

1. e4 c5 2. Nf3 e6 3. d4 cxd4 4. Nxd4 Nf6 5. Nc3 d6 6. Be3 Be7 7. f3 O-O 8. g4
Nc6 9. Qd2 d5 10. g5 Nxd4 11. Qxd4 Nh5 12. f4 b6 13. exd5 Bc5 14. Qd2 Bxe3 15.
Qxe3 Qd6 16. f5 exd5 17. O-O-O Bxf5 18. Nxd5 Rac8 19. c3 Qc5 20. Qxc5 Rxc5 21.
Bg2 Be6 22. Rhf1 g6 23. Rd4 Kg7 24. Rfd1 1/2-1/2

[Event "Mundial Juvenil 2005 s18"]
[Site "Belfort FRA"]
[Date "2005.07.28"]
[Round "9.12"]
[White "Fier, Alexander Hilario T"]
[Black "Wen, Yang"]
[Result "0-1"]
[WhiteElo "2462"]
[BlackElo "2327"]
[PlyCount "94"]
[EventDate "2005.07.19"]
[EventType "swiss"]
[EventRounds "11"]
[EventCountry "FRA"]
[Source "lmi"]
[SourceDate "2005.07.31"]

1. e4 c5 2. Nf3 Nc6 3. d4 cxd4 4. Nxd4 Qc7 5. Nc3 e6 6. Be2 a6 7. a3 Nf6 8. Be3
b5 9. O-O Bb7 10. f4 Bc5 11. Qd3 d6 12. Rad1 O-O 13. Nb3 Bxe3+ 14. Qxe3 Rad8
15. Rd2 Rfe8 16. g4 Nd7 17. g5 Ba8 18. Rfd1 Nb6 19. Qf2 Ne7 20. Nd4 Ng6 21.
Bxb5 axb5 22. Ndxb5 Qb8 23. Nxd6 Rf8 24. h4 Nc8 25. Ncb5 Nxd6 26. Nxd6 e5 27.
f5 Nf4 28. Qc5 Qxb2 29. c3 Ne2+ 30. Kf2 Qxc3 31. Rc2 Qxc5+ 32. Rxc5 Nd4 33. Nc4
f6 34. gxf6 gxf6 35. Rg1+ Kh8 36. Rc7 Bxe4 37. Rgg7 Bxf5 38. Ne3 Be4 39. Rg4
Ne6 40. Re7 f5 41. Rg1 Rde8 42. Rxe8 Rxe8 43. Nc4 Nf4 44. Ke3 Ng2+ 45. Kf2 Rc8
46. Nd6 Rc2+ 47. Kg3 Nf4 0-1

[Event "Mundial Juvenil 2005 s18"]
[Site "Belfort FRA"]
[Date "2005.07.28"]
[Round "9.15"]
[White "Netzer, Jean"]
[Black "Michielsen, Joost"]
[Result "0-1"]
[WhiteElo "2378"]
[BlackElo "2320"]
[PlyCount "118"]
[EventDate "2005.07.19"]
[EventType "swiss"]
[EventRounds "11"]
[EventCountry "FRA"]
[Source "lmi"]
[SourceDate "2005.07.31"]

1. e4 c5 2. Nf3 d6 3. d4 cxd4 4. Nxd4 Nf6 5. Nc3 a6 6. Be2 e6 7. O-O Be7 8. a4
O-O 9. Be3 Nc6 10. f4 Qc7 11. Kh1 Re8 12. Bg1 Bf8 13. Qd3 Nxd4 14. Bxd4 e5 15.
Bg1 exf4 16. a5 Be6 17. Bb6 Qe7 18. Rxf4 Nd7 19. Bd4 Ne5 20. Qg3 g6 21. Nd1 Bg7
22. Ne3 Nd3 23. Bxd3 Bxd4 24. Nf5 Bxf5 25. Rxf5 Bxb2 26. Raf1 Be5 27. Qg4 Qe6
28. h3 Re7 29. Qg5 h6 30. Qg4 Rc8 31. g3 h5 32. Qg5 Bg7 33. R5f2 Qxh3+ 34. Rh2
Qe6 35. Rhf2 Rc5 36. Qh4 Rxa5 37. Kh2 Rc5 38. Qf4 h4 39. Kg2 hxg3 40. Qxg3 Rh5
41. Rh1 Rxh1 42. Kxh1 d5 43. Re2 dxe4 44. Rxe4 Qc6 45. Qg2 Rxe4 46. Bxe4 Qc3
47. Bxb7 Qe1+ 48. Kh2 Be5+ 49. Kh3 Qe3+ 50. Qf3 Qxf3+ 51. Bxf3 f5 52. Kh4 Kf7
53. Kg5 Bf6+ 54. Kh6 Bc3 55. Be2 a5 56. Kh7 a4 57. Kh6 Kf6 58. Bc4 a3 59. Bb3
f4 0-1

[Event "Mundial Juvenil 2005 s18"]
[Site "Belfort FRA"]
[Date "2005.07.28"]
[Round "9.17"]
[White "Milman, Lev"]
[Black "Arngrimsson, Dagur"]
[Result "1-0"]
[WhiteElo "2459"]
[BlackElo "2294"]
[PlyCount "65"]
[EventDate "2005.07.19"]
[EventType "swiss"]
[EventRounds "11"]
[EventCountry "FRA"]
[Source "lmi"]
[SourceDate "2005.07.31"]

1. e4 e5 2. Nf3 Nc6 3. Bb5 a6 4. Ba4 Nf6 5. O-O Be7 6. Re1 b5 7. Bb3 d6 8. c3
O-O 9. d4 Bg4 10. Be3 Bh5 11. Nbd2 Bg6 12. Bg5 exd4 13. cxd4 Na5 14. Bc2 c5 15.
e5 Bxc2 16. exf6 gxf6 17. Qxc2 fxg5 18. Qf5 Nc6 19. d5 Nd4 20. Nxd4 cxd4 21. h4
h6 22. Re4 Ra7 23. Rae1 Bf6 24. hxg5 Bxg5 25. Rg4 Kh8 26. Ne4 Re7 27. f4 Qc8
28. Qxc8 Rxc8 29. fxg5 Rce8 30. Kf2 Re5 31. gxh6 Rf5+ 32. Ke2 Re7 33. Kd3 1-0

[Event "Mundial Juvenil 2005 s18"]
[Site "Belfort FRA"]
[Date "2005.07.28"]
[Round "9.18"]
[White "Mikkelsen, Nikolaj"]
[Black "Ong, Kezli"]
[Result "1-0"]
[WhiteElo "2246"]
[BlackElo "2371"]
[PlyCount "57"]
[EventDate "2005.07.19"]
[EventType "swiss"]
[EventRounds "11"]
[EventCountry "FRA"]
[Source "lmi"]
[SourceDate "2005.07.31"]

1. e4 e5 2. Nf3 Nc6 3. Bb5 a6 4. Bxc6 dxc6 5. O-O Qd6 6. Na3 Be6 7. Qe2 f6 8.
Rd1 O-O-O 9. d4 Bg4 10. Be3 Qe6 11. dxe5 Re8 12. h3 Bxf3 13. Qxf3 Qxe5 14. Bf4
Qxe4 15. Qg3 Qg6 16. Qc3 Qf7 17. Nc4 Re4 18. Rd4 Rxd4 19. Qxd4 c5 20. Qd3 Qd7
21. Qe2 Qe7 22. Qf3 Qe6 23. Na5 c6 24. Nc4 b5 25. Nd6+ Kd7 26. Rd1 Ke7 27. Qxc6
f5 28. Qe8+ Kf6 29. Bg5+ 1-0

[Event "Mundial Juvenil 2005 s18"]
[Site "Belfort FRA"]
[Date "2005.07.28"]
[Round "9.19"]
[White "Porat, Ido"]
[Black "Fossum, Oystein Boyum"]
[Result "1/2-1/2"]
[WhiteElo "2354"]
[BlackElo "2262"]
[PlyCount "75"]
[EventDate "2005.07.19"]
[EventType "swiss"]
[EventRounds "11"]
[EventCountry "FRA"]
[Source "lmi"]
[SourceDate "2005.07.31"]

1. d4 f5 2. g3 Nf6 3. Bg2 e6 4. Nf3 d5 5. O-O Bd6 6. b3 Qe7 7. Bb2 c6 8. c4 b6
9. Nbd2 Bb7 10. Ne5 O-O 11. Rc1 a5 12. Ndf3 Na6 13. Qc2 Rac8 14. Qb1 Ne4 15. e3
Rfd8 16. Rfd1 Nb4 17. Qa1 Ra8 18. a3 Na6 19. Qa2 Rac8 20. Bf1 Nb8 21. Ne1 Nd7
22. N1d3 Nxe5 23. Nxe5 Bxe5 24. dxe5 dxc4 25. Bxc4 Nd2 26. b4 Nxc4 27. Qxc4
axb4 28. Qxb4 Qxb4 29. axb4 c5 30. bxc5 bxc5 31. Rd6 Bd5 32. Rxd8+ Rxd8 33.
Rxc5 Be4 34. Rc1 Rb8 35. Bd4 Rb1 36. Rxb1 Bxb1 37. f3 h5 38. Kf2 1/2-1/2

[Event "Mundial Juvenil 2005 s18"]
[Site "Belfort FRA"]
[Date "2005.07.28"]
[Round "9.20"]
[White "Tweedie, Steven"]
[Black "Safarli, Eltaj"]
[Result "0-1"]
[WhiteElo "2172"]
[BlackElo "2335"]
[PlyCount "92"]
[EventDate "2005.07.19"]
[EventType "swiss"]
[EventRounds "11"]
[EventCountry "FRA"]
[Source "lmi"]
[SourceDate "2005.07.31"]

1. e4 c5 2. Nc3 e6 3. g3 d5 4. exd5 exd5 5. Bg2 Nf6 6. d3 d4 7. Ne4 Nxe4 8.
dxe4 Nc6 9. Ne2 Bd6 10. O-O O-O 11. c3 Be5 12. f4 d3 13. fxe5 dxe2 14. Qxe2
Nxe5 15. Be3 Qe7 16. Bf4 Bg4 17. Qc2 Rad8 18. Bxe5 Qxe5 19. Bf3 Bd7 20. Rfd1
Bc6 21. Rxd8 Rxd8 22. Rd1 Re8 23. Kf2 f5 24. Re1 fxe4 25. Kg1 g6 26. Bg2 Kg7
27. Qe2 b6 28. Qa6 Qe7 29. Re3 Qg5 30. Qe2 Re7 31. Qe1 h5 32. h4 Qd5 33. a3 Qb3
34. Bxe4 Qe6 35. Bxc6 Qxe3+ 36. Qxe3 Rxe3 37. Kf2 Re6 38. Bf3 Re5 39. Bd1 Kf6
40. Be2 Re7 41. Kf3 g5 42. hxg5+ Kxg5 43. Kf2 Re5 44. Ke1 Kf5 45. Kd2 Ke4 46.
b4 Kd5 0-1

[Event "Mundial Juvenil 2005 s18"]
[Site "Belfort FRA"]
[Date "2005.07.29"]
[Round "10.1"]
[White "Moranda, Wojciech"]
[Black "Vitiugov, Nikita"]
[Result "1/2-1/2"]
[WhiteElo "2453"]
[BlackElo "2519"]
[PlyCount "175"]
[EventDate "2005.07.19"]
[EventType "swiss"]
[EventRounds "11"]
[EventCountry "FRA"]
[Source "lmi"]
[SourceDate "2005.07.31"]

1. d4 d5 2. c4 e6 3. Nc3 c6 4. e3 Nf6 5. Nf3 Nbd7 6. Qc2 Bd6 7. g4 Bb4 8. Bd2
Qe7 9. Bd3 Bxc3 10. Bxc3 dxc4 11. Bxc4 b5 12. Bd3 Bb7 13. e4 Nxe4 14. Bxe4 f5
15. Bd3 c5 16. Rg1 Bxf3 17. dxc5 fxg4 18. Be4 Bxe4 19. Qxe4 O-O 20. Qxg4 e5 21.
O-O-O Nxc5 22. Rd5 Qd8 23. Qd1 Nd7 24. Rh1 Qe7 25. Rg1 Nc5 26. Qg4 Rf7 27. Kb1
Nd7 28. Rxb5 Qd6 29. Qc4 Re8 30. Rd5 Qe6 31. Qd3 Qc6 32. Rd1 Nf6 33. Rxe5 Rxe5
34. Bxe5 Rd7 35. Qb3+ Kf8 36. Rxd7 Nxd7 37. Qb4+ Ke8 38. Bg3 Nb6 39. b3 Qg6+
40. Kb2 Qe6 41. Qb5+ Nd7 42. Qd3 Qf6+ 43. Kb1 a6 44. Qxh7 Qd4 45. Qh5+ Kf8 46.
Qf3+ Nf6 47. Qe3 Qd1+ 48. Qc1 Qd3+ 49. Qc2 Qd5 50. Qc8+ Ke7 51. Qc7+ Nd7 52.
Qf4 Qd3+ 53. Kb2 Qe2+ 54. Ka3 Qd1 55. Qe3+ Kf7 56. Kb2 Nf6 57. Qc1 Qe2+ 58. Qc2
Qe1 59. Qc4+ Ke7 60. Ka3 a5 61. Bh4 Qd2 62. Qc5+ Kf7 63. Bg5 Qe1 64. Bxf6 Kxf6
65. Ka4 Qe4+ 66. Kxa5 Qa8+ 67. Kb6 Qxa2 68. b4 Kg6 69. b5 Kh7 70. Qf5+ g6 71.
Qf6 g5 72. Qf5+ Kh6 73. Kb7 Qa1 74. b6 Qh1+ 75. Ka7 Qa1+ 76. Kb8 Qh8+ 77. Qc8
Qd4 78. Qe6+ Kg7 79. b7 Qf4+ 80. Kc8 Qc1+ 81. Kd8 Qb2 82. Qe7+ Kh8 83. Qf8+ Kh7
84. Qf7+ Kh6 85. Qe6+ Kh5 86. Qf7+ Kh6 87. Kc8 Qc3+ 88. Kd8 1/2-1/2

[Event "Mundial Juvenil 2005 s18"]
[Site "Belfort FRA"]
[Date "2005.07.29"]
[Round "10.2"]
[White "Wojtaszek, Radoslaw"]
[Black "Amin, Bassem"]
[Result "1-0"]
[WhiteElo "2591"]
[BlackElo "2400"]
[PlyCount "99"]
[EventDate "2005.07.19"]
[EventType "swiss"]
[EventRounds "11"]
[EventCountry "FRA"]
[Source "lmi"]
[SourceDate "2005.07.31"]

1. d4 e6 2. e4 d5 3. Nc3 Nf6 4. Bg5 Be7 5. e5 Nfd7 6. Bxe7 Qxe7 7. f4 a6 8. Nf3
c5 9. dxc5 Nc6 10. Bd3 Qxc5 11. Qd2 b5 12. O-O-O Nb6 13. Ne2 Bd7 14. g4 O-O-O
15. Ng3 g6 16. Kb1 Kb7 17. Rhf1 Nb8 18. Ng1 Qe7 19. Nf3 Nc6 20. Rh1 Ra8 21. Kc1
Qc5 22. Ne2 Kc8 23. Ng3 Kb7 24. Kb1 Rad8 25. Rhf1 Rc8 26. Ne2 h6 27. Nc1 Na4
28. Rde1 Qb6 29. f5 g5 30. Nb3 b4 31. h4 gxh4 32. fxe6 fxe6 33. Nxh4 Rhg8 34.
Ng6 Rc7 35. Nf8 Bc8 36. Qxh6 Na5 37. Qe3 Nxb3 38. Qxb6+ Kxb6 39. axb3 Nc5 40.
Bg6 Rcg7 41. Nd7+ Bxd7 42. Rf6 d4 43. c3 bxc3 44. bxc3 a5 45. c4 a4 46. Kb2 Rh8
47. Bd3 Rh2+ 48. Kc1 Rg2 49. Rg6 Bc8 50. Bf1 1-0

[Event "Mundial Juvenil 2005 s18"]
[Site "Belfort FRA"]
[Date "2005.07.29"]
[Round "10.5"]
[White "Romanov, Evgeny"]
[Black "Pashikian, Arman"]
[Result "0-1"]
[WhiteElo "2451"]
[BlackElo "2442"]
[PlyCount "159"]
[EventDate "2005.07.19"]
[EventType "swiss"]
[EventRounds "11"]
[EventCountry "FRA"]
[Source "lmi"]
[SourceDate "2005.07.31"]

1. e4 e5 2. Nf3 Nc6 3. Bb5 Nf6 4. O-O Nxe4 5. d4 Nd6 6. Bxc6 dxc6 7. dxe5 Nf5
8. Qxd8+ Kxd8 9. Nc3 Ne7 10. h3 h6 11. Ne4 Ng6 12. b3 Be7 13. Bb2 Nf4 14. Rfe1
Ne6 15. Nh2 Bd7 16. Ng4 h5 17. Ne3 h4 18. Rad1 Ke8 19. Rf1 Nf4 20. Rde1 Be6 21.
Bc1 Bb4 22. Bd2 a5 23. c3 Be7 24. Nc2 Nd3 25. Re3 Nc5 26. Nd4 Bd5 27. Nd6+ cxd6
28. exd6 Ne4 29. dxe7 Nxd2 30. Rd1 Ne4 31. c4 Nf6 32. cxd5 Nxd5 33. Ree1 Kd7
34. Nf5 Rae8 35. Re4 g6 36. Ne3 Rh5 37. Red4 Kd6 38. Nc4+ Kc7 39. Nxa5 Rxe7 40.
Rc1 Re2 41. a4 Rf5 42. Rf1 g5 43. Nc4 f6 44. Rd2 Rxd2 45. Nxd2 Rf4 46. Rb1 Rd4
47. Nf3 Rd3 48. Kf1 Nf4 49. Ne1 Rc3 50. b4 Nd5 51. a5 Nf4 52. Rd1 Rb3 53. Rd4
Rb2 54. g3 hxg3 55. fxg3 Nd5 56. Nd3 Rh2 57. Nf2 Ne3+ 58. Ke2 Nf5 59. Rd3 g4
60. hxg4 Nd6 61. Kf3 Nf7 62. Rd2 Ne5+ 63. Kf4 b6 64. g5 Nd3+ 65. Rxd3 Rxf2+ 66.
Ke3 Rf5 67. gxf6 bxa5 68. bxa5 Rxf6 69. g4 c5 70. Ke4 Ra6 71. Ra3 c4 72. g5 Kc8
73. Kf5 Kd7 74. g6 Ke7 75. Kg5 Kf8 76. Kh6 Kg8 77. Re3 Ra8 78. a6 Rc8 79. a7
Ra8 80. Re7 0-1

[Event "Mundial Juvenil 2005 s18"]
[Site "Belfort FRA"]
[Date "2005.07.29"]
[Round "10.9"]
[White "Sengupta, Deep"]
[Black "Michielsen, Joost"]
[Result "1/2-1/2"]
[WhiteElo "2414"]
[BlackElo "2320"]
[PlyCount "69"]
[EventDate "2005.07.19"]
[EventType "swiss"]
[EventRounds "11"]
[EventCountry "FRA"]
[Source "lmi"]
[SourceDate "2005.07.31"]

1. c4 e5 2. Nc3 Bb4 3. Nd5 Bc5 4. e3 c6 5. Nc3 Qe7 6. a3 Nf6 7. Nge2 Bb6 8. d4
d6 9. dxe5 dxe5 10. Qc2 O-O 11. Ng3 Nbd7 12. Be2 Re8 13. h4 e4 14. h5 a5 15.
Rb1 Bc7 16. Nf1 Nc5 17. b4 axb4 18. axb4 Nd3+ 19. Bxd3 exd3 20. Qxd3 Qe5 21.
Ng3 Ng4 22. Nce2 Ra2 23. f4 Qe7 24. e4 c5 25. h6 cxb4 26. e5 f6 27. hxg7 Qxg7
28. exf6 Nxf6 29. Bb2 Bg4 30. Bxf6 Bxe2 31. Qd5+ Qf7 32. Qg5+ Kf8 33. Qh6+ Kg8
34. Qg5+ Kf8 35. Qh6+ 1/2-1/2

[Event "Mundial Juvenil 2005 s18"]
[Site "Belfort FRA"]
[Date "2005.07.29"]
[Round "10.12"]
[White "Khamrakulov, Dzhurabek"]
[Black "Papp, Gabor"]
[Result "1/2-1/2"]
[WhiteElo "2280"]
[BlackElo "2474"]
[PlyCount "90"]
[EventDate "2005.07.19"]
[EventType "swiss"]
[EventRounds "11"]
[EventCountry "FRA"]
[Source "lmi"]
[SourceDate "2005.07.31"]

1. e4 c5 2. Nf3 e6 3. c3 d5 4. exd5 Qxd5 5. d4 Nf6 6. Be3 Be7 7. Bd3 O-O 8. O-O
Nc6 9. a3 Ng4 10. b4 cxd4 11. cxd4 a6 12. Nc3 Qh5 13. h3 Nxe3 14. fxe3 Qh6 15.
Qe2 f5 16. Na4 Bd8 17. Nc5 Kh8 18. e4 Bb6 19. Kh1 a5 20. exf5 exf5 21. d5 axb4
22. dxc6 Bxc5 23. axb4 Rxa1 24. Rxa1 Bxb4 25. Qb2 Qd6 26. Bc4 h6 27. Ne5 Kh7
28. Nd3 b5 29. Bxb5 Bc5 30. Nxc5 Qxc5 31. Qa3 Qe5 32. Rc1 Rd8 33. Ba6 Qe4 34.
Bxc8 Rxc8 35. c7 f4 36. Qf3 Qxf3 37. gxf3 Kg6 38. Kg2 Kf6 39. h4 h5 40. Rc5 Ke6
41. Kh3 g6 42. Rc6+ Ke5 43. Rxg6 Rxc7 44. Rg5+ Kf6 45. Rxh5 Rg7 1/2-1/2